Transforming cities (Record no. 104508)

MARC details
000 -LEADER
fixed length control field 01041cam a2200217 4500
001 - CONTROL NUMBER
control field L130666
008 - FIXED-LENGTH DATA ELEMENTS--GENERAL INFORMATION
fixed length control field 050823n2004 000 0 eng u
020 ## - INTERNATIONAL STANDARD BOOK NUMBER
International Standard Book Number 1859461603
035 ## - SYSTEM CONTROL NUMBER
System control number (Sirsi) u130666
041 0# - LANGUAGE CODE
Language code of text/sound track or separate title eng
050 04 - LIBRARY OF CONGRESS CALL NUMBER
Classification number 711.52
-- 18
100 1# - MAIN ENTRY--PERSONAL NAME
Personal name Corbett, Nick
245 ## - TITLE STATEMENT
Title Transforming cities
Remainder of title revival in the square
260 ## - PUBLICATION, DISTRIBUTION, ETC.
Place of publication, distribution, etc. London
Name of publisher, distributor, etc. RIBA Enterprises
Date of publication, distribution, etc. 2004
300 ## - PHYSICAL DESCRIPTION
Extent 168p
Dimensions 22cm
350 ## - PRICE (NR) (BK AM CF MU VM SE) [OBSOLETE]
Price 19.95
520 ## - SUMMARY, ETC.
Summary, etc. Provides challenging insights into the design and management of public space and demonstrates how design strategies for new public spaces can transform cities. Illustrated throughout with international examples of best practice, the book focuses on the role of urban design strategies in managing the development process, the location of public spaces and the physical structure of cities. Concludes with a detailed case study of Birmingham's urban renaissance. References and further reading.
690 ## - LOCAL SUBJECT ADDED ENTRY--TOPICAL TERM (OCLC, RLIN)
Topical term or geographic name as entry element BUILT ENVIRONMENT-CONSTRUCTION DESIGN-ARCHITECTURAL DESIGN
942 ## - ADDED ENTRY ELEMENTS (KOHA)
Suppress in OPAC 0
Holdings
Withdrawn status Lost status Source of classification or shelving scheme Damaged status Not for loan Home library Current library Shelving location Date acquired Cost, normal purchase price Total Checkouts Full call number Barcode Date last seen Date last checked out Copy number Cost, replacement price Price effective from Koha item type
    Dewey Decimal Classification     London London Books 15/09/2005 16.96 4 711.52 COR 30071306 06/08/2019 04/10/2006 1 16.96 06/08/2019 Book